000 01611nkm0a2200373 4500
001 RU\NLR\BIBL_A\022717064
005 20260406032946.0
035 _a(NLR Aleph) 022717064
071 5 0 _d1 р.
_950000
090 _a89222
_c89222
100 _a20260203d1944 c y0rusy50 ca
101 0 _arus
102 _aRU
116 _aiiycxx bi zz
181 0 _ab3
_bxb2e
181 0 _ai1
_bxxxe
182 0 _an
200 1 _aТени
_e[18 картинок теней
_eкнижка-картинка
_fхудожник: К. И. Кочетков
_gответственный редактор: Е. Е. Горбунова]
203 _aИзображение
_aТекст
_bвизуальные
_cнепосредственные
210 _aМосква
_cТруд и знание
_d1944
_e[Москва]
_gЛитография № 2 МООМП
215 _a[10] с. ил., включ. обл.
_d7,9х11,4
300 _aЦенз. разрешение: Л 68367. 18/VII-44 г.
300 _aВ вып. дан.: Заказ 518
606 _aКнижки-игрушки
_3RU\NLR\AUTH\6601765960
_92696004
686 1 _aШ801.38
686 1 _aЧ617.67/68
702 1 _aКочетков
_bК. И.
_gКонстантин Ильич
_4440
830 _aКочетков К. И.: ср. печатная карточка https://nlr.ru/e-case3/sc2.php/web_gak/lc/46192/46#pict (05.02.2026), БЗ 006888488. АЯ ОЭФ
942 _cVISUAL
945 _aРоссийская национальная библиотека
980 _aBV
980 _aNB